ФБР [видео DVD] (Запис номер 220334)
[ съкратено ]
| 000 -Лидер | |
|---|---|
| Контролно поле с фиксирана дължина | 00832ngm a2200301 a 4500 |
| 003 - Код на организацията, давaща контролен номер | |
| Контролно поле | BLK |
| 005 - Дата и час на последна редакция | |
| Контролно поле | 20240530113659.0 |
| 007 - Фиксирано поле за физическо описани | |
| fixed length control field! | m| caa|akaadaaaac |
| 008 - Елементи от данни с фиксирана дължина | |
| fixed length control field | 180410b bul||n||s|||||||| n|bulo| |
| 010 ## - Наследен системен номер | |
| LC control number | CDD00002795000 |
| 040 ## - Източник на каталожния запис | |
| Идентификатор на билиотеката - собственик на записа | BLK |
| 041 ## - Код за език | |
| Код за езика на текст/звукозапис или на отделно заглавие | Български |
| Код за езика КДБФ | Български |
| 080 ## - УДК | |
| Текстов определител УДК | Документални филми |
| УДК код - определител по УДК | 791.229 |
| УДК - код + определител | 791.229 |
| 139 ## - Редно поле | |
| Редна дума | ФБР [видео DVD] |
| Авторски знак | Фе - Ф 29 |
| 245 10 - Сведения за заглавието | |
| Заглавие | ФБР [видео DVD] |
| 257 ## - Страна на издаване | |
| Страна на създаване/издаване | България |
| 260 ## - Област на издателските данни | |
| Година на издаване | 2007 |
| 300 ## - Физическа характеристика | |
| Страници | 50 мин. |
| Илюстрации и др. | цв. |
| Размери/Мащаб | 12 см |
| 380 ## - Жанр | |
| Жанр | Изкуство |
| 490 ## - СЕРИИ (Колекции) | |
| Име на серия | Великите шпионски истории |
| №: серия | 3 |
| 590 ## - Забележки на библиотеката, притежаваща документа (RLIN) | |
| Служебно | S.N: 80249 от КНИГИ |
| 852 ## - Местоположение | |
| Форматна сигнатура | Цб CD 4837 |
| Част | 0 |
| 856 4# - Електронен адрес и достъп | |
| Електронен формат | pdf - файл |
| Път до файла /url/ | |
| 856 4# - Електронен адрес и достъп | |
| Електронен формат | pdf - файл |
| Път до файла /url/ | |
| 942 ## - АРТИКУЛИ | |
| Вид на библиотечния материал | Компактдискове |
| Скрит в OPAC | Не |
| Периодичен библиозапис | Да |
| 944 ## - СЪЗДАВАНЕ И РЕДАКЦИЯ на ЗАПИСА | |
| Създаване/Редакция | Създаване |
| Дата на регистрацията/редакция | 27.12.2007 |
| Служител, извършил регистрацията/редакцията | 30570 |
| Статус, дата на статуса | Моника Янева |
| 944 ## - СЪЗДАВАНЕ И РЕДАКЦИЯ на ЗАПИСА | |
| Създаване/Редакция | Редакция |
| Дата на регистрацията/редакция | 29.06.2011 |
| 999 ## - СИСТЕМНИ КОНТРОЛНИ НОМЕРА | |
| Koha biblionumber | 220334 |
| Koha biblioitemnumber | 220334 |
| Код за отписване | Код за изгубен артикул | Източник на класификационната схема | Код за повреда | Коз за рестрикции | Код за отдаване | Артикулен № | Име на библиотеката - собственик | Име на библиотеката, в която се намира в момента | Статус (Текущо местоположение) | Дата на вписване в системата | Местоположение - отдел | Цена в лева | Инвентарен номер | Систематично азбучна сигнатура | Баркод | Номер на екземпляра | Цена в евро | Служебна бележка | Служебен тип на артикула |
|---|---|---|---|---|---|---|---|---|---|---|---|---|---|---|---|---|---|---|---|
| Не е изгубен | Universal Decimal Classification | Не е повреден | без рестрикции | заемане за дома | 392034 | Регионална библиотека "Любен Каравелов" Русе | Регионална библиотека "Любен Каравелов" Русе | Отдел Изкуство - подръчен фонд | 2007-12-20 | Отдел Изкуство - подръчен фонд | 4.00 | 250000002764 | 791.229/Ф 29 | 250000002764 | 1 | 2.05 | Дост: Pk Вид: Ф N: 80 Дата: 04.12.2007 | Компактдискове | |
| Изтеглен | Не е изгубен | Universal Decimal Classification | Не е повреден | без рестрикции | заемане за дома | 392035 | Регионална библиотека "Любен Каравелов" Русе | Регионална библиотека "Любен Каравелов" Русе | Отдел Изкуство - подръчен фонд | 2011-06-29 | Отдел Изкуство - подръчен фонд | 4.00 | 250000004549 | Цб CD 4837 | 250000004549 | 2 | 2.05 | Дост: DA Вид: А N: 10 Дата: 29.06.2011 Съставил: Валя_Йорданова | Компактдискове |